| Registos Bibliográficos associados ao registo de autoridade |
|
Etiqueta de registo: 00000nam 2200025 450 001 2288452 003 http://id.bnportugal.gov.pt/bib/catbnp/2288452 100 ## $a20260622d2025 k y0pory01030103ba 101 0# $apor$deng 102 ## $aPT 105 ## $aa m 000yy 106 ## $ar 200 1# $aClareira - realismo, performance e pintura wm diálogo com o cinema$fLuciano Fernandez Scherer$gorient. Jorge Ramos do Ó 210 #9 $aLisboa$c[s.n.],$d2025 215 ## $a165 f.$cil.$d30 cm 328 #1 $aTese dout. Artes, Faculdade de Belas-Artes, Universidade de Lisboa, 2025 700 #1 $aScherer,$bLuciano Fernandez$32001226 702 #1 $aÓ,$bJorge Ramos do,$f1962-$4727$350035 801 #0 $aPT$bBN$gRPC 966 ## $lBN$mFGMON$x1 971 ## $corlando$d20260622
|
|
|